[Event "Rochefort op 18th Op A"]
[Site "Rochefort"]
[Date "2019.02.16"]
[Round "5.14"]
[White "Englisch, Colya"]
[Black "Gao, Etienne"]
[Result "1-0"]
[WhiteElo "2173"]
[BlackElo "2306"]
[PlyCount "59"]
[EventDate "2019.02.16"]
[EventType "swiss"]
[EventRounds "9"]
[EventCountry "FRA"]
[SourceTitle "CBM 189 Extra"]
[Source "ChessBase"]
[SourceDate "2019.06.03"]
[SourceVersion "1"]
[SourceVersionDate "2019.06.03"]
[SourceQuality "1"]

1. Nf3 Nf6 2. g3 g6 3. Bg2 Bg7 4. 0-0 0-0 5. d4 d5 6. c4 Nc6 7. cxd5 Nxd5 8. e4 Nb6 9. d5 Na5 10. Qe1 Nac4 11. Nc3 e6 12. b3 Ne5 13. Nxe5 Bxe5 14. Ba3 Re8 15. Rd1 Qf6 16. Bb2 Qh8 17. dxe6 Bxe6 18. Qd2 c5 19. Ba1 c4 20. f4 Bf6 21. e5 Rad8 22. Qb2 Be7 23. Bxb7 Rb8 24. Bd5 Bc5+ 25. Kh1 cxb3 26. Bxe6 Rxe6 27. Qxb3 Kg7 28. Ne4 Qc8 29. Qf3 Be7 30. g4 1-0

[Event "London Classic op 10th"]
[Site "London"]
[Date "2018.12.15"]
[Round "8"]
[White "Edwards, Simon R"]
[Black "Englisch, Colya"]
[Result "0-1"]
[WhiteElo "1931"]
[BlackElo "2105"]
[PlyCount "64"]
[EventDate "2018.12.09"]
[EventType "swiss"]
[EventRounds "9"]
[EventCountry "ENG"]
[SourceTitle "CBM 187 Extra"]
[Source "ChessBase"]
[SourceDate "2018.11.04"]
[SourceVersion "1"]
[SourceVersionDate "2018.11.04"]
[SourceQuality "1"]

1. e4 d6 2. d4 Nf6 3. Nc3 g6 4. Bg5 Bg7 5. e5 Nfd7 6. f4 Nc6 7. Qd2 0-0 8. 0-0-0 f6 9. exf6 exf6 10. Bh4 Nb6 11. h3 Qe8 12. g4 Qf7 13. Bg2 f5 14. gxf5 Bxf5 15. Nge2 Nb4 16. Ne4 a5 17. b3 Nxa2+ 18. Kb2 Nb4 19. Ng5 Qd7 20. Be4 Bxe4 21. Nxe4 Qb5 22. Rb1 a4 23. c4 Qa5 24. Ra1 a3+ 25. Kc1 a2 26. Kd1 Qf5 27. N4c3 Bh6 28. Bg3 Rfe8 29. Nc1 Qh5+ 30. N3e2 Qf3 31. Re1 c5 32. h4 Bg7 0-1

[Event "Sautron op 18th"]
[Site "Sautron "]
[Date "2018.10.20"]
[Round "7.10"]
[White "Bujisho, Benjamin"]
[Black "Englisch, Colya"]
[Result "1-0"]
[WhiteElo "2333"]
[BlackElo "2087"]
[PlyCount "59"]
[EventDate "2018.10.20"]
[EventType "swiss"]
[EventRounds "9"]
[EventCountry "FRA"]
[SourceTitle "EXT 2021"]
[Source "ChessBase"]
[SourceDate "2020.10.23"]
[SourceVersion "1"]
[SourceVersionDate "2020.10.23"]
[SourceQuality "1"]

1. e4 d6 2. Nc3 Nf6 3. g3 g6 4. Bg2 Bg7 5. d3 0-0 6. Nge2 c5 7. 0-0 Nc6 8. h3 Ne8 9. Bd2 Rb8 10. Qc1 b5 11. Bh6 Nd4 12. Bxg7 Nxg7 13. Nxd4 cxd4 14. Ne2 e5 15. c3 dxc3 16. Qxc3 b4 17. Qd2 Qb6 18. Kh2 Be6 19. f4 f5 20. Ng1 Rbd8 21. exf5 Nxf5 22. Rfe1 Qb8 23. Nf3 Bd5 24. Ng5 Bxg2 25. Qxg2 Nd4 26. fxe5 dxe5 27. Rf1 Qd6 28. Ne4 Qe7 29. Rac1 Rf7 30. Rxf7 1-0

[Event "Sautron op 18th"]
[Site "Sautron "]
[Date "2018.10.20"]
[Round "5.12"]
[White "Delorme, Alban"]
[Black "Englisch, Colya"]
[Result "1-0"]
[WhiteElo "2320"]
[BlackElo "2087"]
[PlyCount "51"]
[EventDate "2018.10.20"]
[EventType "swiss"]
[EventRounds "9"]
[EventCountry "FRA"]
[SourceTitle "EXT 2021"]
[Source "ChessBase"]
[SourceDate "2020.10.23"]
[SourceVersion "1"]
[SourceVersionDate "2020.10.23"]
[SourceQuality "1"]

1. c4 g6 2. g3 Bg7 3. Bg2 c5 4. Nc3 Nc6 5. Nf3 e6 6. 0-0 Nge7 7. a3 0-0 8. b4 Nxb4 9. axb4 cxb4 10. Ne4 d5 11. cxd5 exd5 12. Rb1 dxe4 13. Ng5 Nc6 14. Nxe4 Qe7 15. d3 a5 16. Bg5 f6 17. Be3 Rd8 18. Bb6 f5 19. Nc5 Re8 20. e3 Qd6 21. Qa4 Rf8 22. Nb3 Rf7 23. Nxa5 Nxa5 24. Bxa5 Be6 25. Qxb4 Ba2 26. Qxd6 1-0

[Event "Sautron op 18th"]
[Site "Sautron "]
[Date "2018.10.20"]
[Round "8.21"]
[White "Englisch, Colya"]
[Black "Ayoub, Georges Gaspard"]
[Result "1/2-1/2"]
[WhiteElo "2087"]
[BlackElo "1803"]
[PlyCount "81"]
[EventDate "2018.10.20"]
[EventType "swiss"]
[EventRounds "9"]
[EventCountry "FRA"]
[SourceTitle "EXT 2021"]
[Source "ChessBase"]
[SourceDate "2020.10.23"]
[SourceVersion "1"]
[SourceVersionDate "2020.10.23"]
[SourceQuality "1"]

1. d4 Nf6 2. Nf3 c5 3. g3 cxd4 4. Nxd4 e5 5. Nb3 d5 6. Bg2 Be6 7. 0-0 Be7 8. Nc3 0-0 9. f4 exf4 10. Bxf4 Nc6 11. Kh1 a6 12. e3 h6 13. e4 dxe4 14. Nxe4 Nxe4 15. Bxe4 Bh3 16. Bg2 Bxg2+ 17. Kxg2 Qxd1 18. Raxd1 Rad8 19. Bc7 Rxd1 20. Rxd1 Rc8 21. Rd7 Kf8 22. Bf4 b5 23. c3 b4 24. cxb4 Nxb4 25. a3 Rc2+ 26. Rd2 Rxd2+ 27. Nxd2 Nd3 28. Nc4 Nxf4+ 29. gxf4 Ke8 30. Kf3 Bf6 31. Ke4 Kd7 32. Kd5 Kc7 33. b4 Bc3 34. Nd6 Bb2 35. Nc4 Bc3 36. Kc5 g5 37. fxg5 hxg5 38. Ne3 Be5 39. h3 Bg3 40. Kd5 Bf4 41. Nc4 1/2-1/2

[Event "London Classic op"]
[Site "London"]
[Date "2017.12.06"]
[Round "6"]
[White "Englisch, Colya"]
[Black "Clancy, Martin J"]
[Result "1-0"]
[WhiteElo "2128"]
[BlackElo "1855"]
[PlyCount "74"]
[EventDate "2017.12.02"]
[EventType "swiss"]
[EventRounds "9"]
[EventCountry "ENG"]
[SourceTitle "CBM 182 Extra"]
[Source "ChessBase"]
[SourceDate "2018.02.23"]
[SourceVersion "1"]
[SourceVersionDate "2018.02.23"]
[SourceQuality "1"]

1. d4 Nf6 2. Nf3 c5 3. g3 g6 4. Bg2 Bg7 5. 0-0 0-0 6. c4 cxd4 7. Nxd4 Nc6 8. Nc3 Ng4 9. e3 d6 10. b3 Nge5 11. Bb2 Rb8 12. Qd2 Bh3 13. Bxh3 Nxd4 14. Kh1 Ndf3 15. Qe2 g5 16. Bg2 g4 17. Nb5 e6 18. Rad1 Qg5 19. h3 Qh5 20. Bxe5 Bxe5 21. Nd4 Bxd4 22. exd4 f5 23. Qxe6+ Kh8 24. h4 Nxh4 25. gxh4 Qxh4+ 26. Kg1 Rf6 27. Qe7 Rbf8 28. f4 R8f7 29. Qe3 g3 30. Rf3 Rg6 31. Rd3 Rfg7 32. c5 Rg4 33. cxd6 h5 34. d7 Rxf4 35. Qe8+ Kh7 36. d8Q Qh2+ 37. Kf1 Rxf3+ 1-0

[Event "London Classic op"]
[Site "London"]
[Date "2017.12.03"]
[Round "2"]
[White "Englisch, Colya"]
[Black "Gumularz, Szymon"]
[Result "0-1"]
[WhiteElo "2128"]
[BlackElo "2376"]
[PlyCount "54"]
[EventDate "2017.12.02"]
[EventType "swiss"]
[EventRounds "9"]
[EventCountry "ENG"]
[SourceTitle "CBM 182 Extra"]
[Source "ChessBase"]
[SourceDate "2018.02.23"]
[SourceVersion "1"]
[SourceVersionDate "2018.02.23"]
[SourceQuality "1"]

1. d4 Nf6 2. Nf3 e6 3. g3 b5 4. Bg2 Bb7 5. 0-0 c5 6. c3 Be7 7. Bg5 Na6 8. Nbd2 0-0 9. Bxf6 Bxf6 10. e4 cxd4 11. cxd4 Qb6 12. e5 Be7 13. Qe2 Rfc8 14. Ne4 Bd5 15. Rfc1 Rxc1+ 16. Rxc1 Bxa2 17. Nfg5 Rf8 18. Nxh7 Kxh7 19. Qh5+ Kg8 20. Qg4 Qd8 21. Rc3 Bd5 22. Qh5 g6 23. Qh6 Bxe4 24. f4 Qb6 25. Bxe4 Qxd4+ 26. Kg2 Qxe4+ 27. Rf3 Rc8 0-1

[Event "Sautron op 17th"]
[Site "Sautron"]
[Date "2017.10.27"]
[Round "8.7"]
[White "Englisch, Colya"]
[Black "Henno, Francois"]
[Result "1-0"]
[WhiteElo "2081"]
[BlackElo "2005"]
[PlyCount "70"]
[EventDate "2017.10.22"]
[EventType "swiss"]
[EventRounds "9"]
[EventCountry "FRA"]
[SourceTitle "CBM 181 Extra"]
[Source "ChessBase"]
[SourceDate "2017.12.12"]
[SourceVersion "1"]
[SourceVersionDate "2017.12.12"]
[SourceQuality "1"]

1. d4 Nf6 2. Nf3 e6 3. g3 b6 4. Bg2 Bb7 5. 0-0 c5 6. c4 cxd4 7. Qxd4 d6 8. Nc3 a6 9. Bg5 Nbd7 10. Rfd1 h6 11. Bxf6 Qxf6 12. Ne4 Qxd4 13. Nxd4 0-0-0 14. Rac1 Be7 15. b4 Nf6 16. Nxf6 Bxf6 17. Nc6 Bxc6 18. Bxc6 Kc7 19. Bg2 Be7 20. Rd3 Kb8 21. Ra3 Rc8 22. Rxa6 d5 23. Rxb6+ Ka7 24. c5 Bxc5 25. bxc5 Rxc5 26. Rxc5 Kxb6 27. Rc2 Rd8 28. e3 Rd7 29. Kf1 e5 30. Rd2 Kc5 31. Ke2 g5 32. g4 Rd6 33. Rxd5+ Rxd5 34. Bxd5 Kxd5 35. Kd3 e4+ 1-0

[Event "Sautron op 17th"]
[Site "Sautron"]
[Date "2017.10.22"]
[Round "2.6"]
[White "Englisch, Colya"]
[Black "Colin, Vincent"]
[Result "0-1"]
[WhiteElo "2081"]
[BlackElo "2375"]
[PlyCount "86"]
[EventDate "2017.10.22"]
[EventType "swiss"]
[EventRounds "9"]
[EventCountry "FRA"]
[SourceTitle "CBM 181 Extra"]
[Source "ChessBase"]
[SourceDate "2017.12.12"]
[SourceVersion "1"]
[SourceVersionDate "2017.12.12"]
[SourceQuality "1"]

1. d4 Nf6 2. Nf3 d6 3. g3 Nbd7 4. Bg2 e5 5. 0-0 e4 6. Ne1 d5 7. c4 Nb6 8. cxd5 Bf5 9. Nc3 Bb4 10. Bg5 Bxc3 11. bxc3 Nbxd5 12. Rc1 h6 13. Bxf6 Nxf6 14. f3 0-0 15. fxe4 Bxe4 16. Bxe4 Nxe4 17. Qd3 Qe7 18. Nf3 Rfe8 19. e3 Rad8 20. Rfe1 Rd6 21. Qc2 Re6 22. Ne5 Nd6 23. Qd3 Qg5 24. e4 f6 25. Nf3 Qg6 26. Nh4 Qh7 27. Qf3 Rxe4 28. Rf1 c6 29. Qh5 R4e6 30. Ng6 f5 31. Ne5 g6 32. Qf3 Nf7 33. Nd3 Re3 34. Qd1 g5 35. Nc5 Nd6 36. d5 Qe7 37. Qb3 Kh7 38. dxc6 Re2 39. Qd5 bxc6 40. Qd4 Nb5 41. Qc4 Qe3+ 42. Kh1 Nd6 43. Qb4 Qd2 0-1

[Event "Gorges op 27th"]
[Site "Gorges"]
[Date "2017.07.09"]
[Round "4"]
[White "Englisch, Colya"]
[Black "Henry, Florent"]
[Result "1-0"]
[WhiteElo "1995"]
[BlackElo "1931"]
[PlyCount "131"]
[EventDate "2017.07.08"]
[EventType "swiss"]
[EventRounds "5"]
[EventCountry "FRA"]
[SourceTitle "EXT 2019"]
[Source "ChessBase"]
[SourceDate "2018.10.10"]
[SourceVersion "1"]
[SourceVersionDate "2018.10.10"]
[SourceQuality "1"]

1. d4 Nf6 2. Nf3 c5 3. g3 e6 4. Bg2 Nc6 5. 0-0 Be7 6. c4 cxd4 7. Nxd4 0-0 8. Nc3 d5 9. cxd5 Nxd5 10. Nxd5 exd5 11. Bf4 Qb6 12. Nxc6 bxc6 13. Qc2 Bf6 14. Rac1 Bb7 15. Rfd1 Rfe8 16. b3 Be5 17. Bxe5 Rxe5 18. e3 Rd8 19. Qc5 f6 20. Rd4 Ba8 21. Rb4 Qxc5 22. Rxc5 d4 23. Rxd4 Rxd4 24. exd4 Re1+ 25. Bf1 Rd1 26. d5 Bb7 27. dxc6 Ba6 28. c7 Bc8 29. Rc2 Kf7 30. Kg2 Ke7 31. Be2 Rd6 32. Bb5 Rb6 33. Bd3 g6 34. f3 Kd6 35. Kf2 Rc6 36. Rxc6+ Kxc6 37. Ke3 Kxc7 38. Kd4 Kd6 39. f4 Be6 40. Bc4 Bf5 41. b4 Bd7 42. Bb3 Bc6 43. a4 g5 44. fxg5 fxg5 45. b5 Bd7 46. Bc4 h5 47. h4 gxh4 48. gxh4 Be8 49. Bd5 Bd7 50. Bf3 Be8 51. Ke3 Kc5 52. Kf4 Kb4 53. Bd1 Bf7 54. Kg5 Ka5 55. Bxh5 Bb3 56. Be2 Bxa4 57. h5 Kb4 58. h6 Bc2 59. Kf6 Kc3 60. Kg7 Kd2 61. Bf1 Ke1 62. Bc4 Be4 63. Bf7 Bd3 64. Bg6 Bxb5 65. h7 Bc4 66. h8Q 1-0

[Event "Sautron op 16th"]
[Site "Sautron"]
[Date "2016.10.22"]
[Round "6.10"]
[White "Bedouin, Xavier"]
[Black "Englisch, Colya"]
[Result "1-0"]
[WhiteElo "2353"]
[BlackElo "1840"]
[PlyCount "73"]
[EventDate "2016.10.22"]
[EventType "swiss"]
[EventRounds "9"]
[EventCountry "FRA"]
[SourceTitle "EXT 2019"]
[Source "ChessBase"]
[SourceDate "2018.10.10"]
[SourceVersion "1"]
[SourceVersionDate "2018.10.10"]
[SourceQuality "1"]

1. d4 Nf6 2. c4 g6 3. Nc3 Bg7 4. e4 d6 5. Bd3 0-0 6. Nge2 c5 7. d5 e6 8. Bg5 Re8 9. Qd2 Na6 10. Rd1 Nc7 11. 0-0 exd5 12. exd5 b6 13. Qf4 Re5 14. Ne4 Nce8 15. N2g3 Qe7 16. Rfe1 Bd7 17. Re2 Nxd5 18. cxd5 f6 19. h4 fxg5 20. hxg5 Nc7 21. Nf6+ Kh8 22. Rxe5 dxe5 23. Qh4 Bxf6 24. gxf6 Qf7 25. Ne4 Rf8 26. d6 Ne6 27. Bc4 h5 28. Qg3 Nf4 29. Bxf7 Ne2+ 30. Kh2 Nxg3 31. Kxg3 Rxf7 32. Rd5 Kg8 33. Rxe5 Bf5 34. Kh4 Kf8 35. Kg5 Rd7 36. Rxf5 gxf5 37. Kxf5 1-0

[Event "Sautron op 16th"]
[Site "Sautron"]
[Date "2016.10.22"]
[Round "5.9"]
[White "Englisch, Colya"]
[Black "Shirazi, Kamran"]
[Result "1/2-1/2"]
[WhiteElo "1840"]
[BlackElo "2336"]
[PlyCount "89"]
[EventDate "2016.10.22"]
[EventType "swiss"]
[EventRounds "9"]
[EventCountry "FRA"]
[SourceTitle "EXT 2019"]
[Source "ChessBase"]
[SourceDate "2018.10.10"]
[SourceVersion "1"]
[SourceVersionDate "2018.10.10"]
[SourceQuality "1"]

1. d4 Nf6 2. Nf3 c5 3. g3 cxd4 4. Nxd4 d5 5. Bg2 h6 6. c4 e5 7. Nf3 d4 8. 0-0 Nc6 9. e3 d3 10. a3 a5 11. Nc3 Be6 12. Qa4 Nd7 13. Nd2 Ra6 14. Qd1 Nb6 15. b3 Be7 16. Bb2 0-0 17. Nb5 a4 18. Rc1 axb3 19. Qxb3 Na5 20. Qa2 Qb8 21. Bd5 Bd7 22. Nc3 Nxd5 23. Nxd5 Re8 24. Qb1 b5 25. Nxe7+ Rxe7 26. Bc3 Bh3 27. Rfd1 Qa8 28. e4 Nxc4 29. Qxd3 Nxa3 30. Ra1 Rd7 31. Qe2 f6 32. Nb3 Rc7 33. Ba5 Rxa5 34. Nxa5 b4 35. Nc4 Qa6 36. Qh5 Qe6 37. Nxa3 bxa3 38. Qg6 Rd7 39. Rdb1 Qd6 40. Qh5 Be6 41. Rd1 Qc6 42. Rxa3 Bf7 43. Qf3 Rxd1+ 44. Qxd1 Qxe4 45. Qh5 1/2-1/2